Guidelines for cholera control

Spremljeno u:
Bibliografski detalji
Glavni autor: OMS
Format: Knjiga
Jezik:Undetermined
Izdano: Genève OMS 1993
Teme:
Oznake: Dodaj oznaku
Bez oznaka, Budi prvi tko označuje ovaj zapis!
Thư viện lưu trữ: Trung tâm Học liệu Trường Đại học Cần Thơ
LEADER 00470nam a2200181Ia 4500
001 CTU_7347
008 210402s9999 xx 000 0 und d
082 |a 614.514 
082 |b O 68 
100 |a OMS 
245 0 |a Guidelines for cholera control 
245 0 |c OMS 
260 |a Genève 
260 |b OMS 
260 |c 1993 
650 |a cholera - vaccination 
904 |i Nguyễn Quang Điền, 960817 
980 |a Trung tâm Học liệu Trường Đại học Cần Thơ